000 00368nam a2200181Ia 4500
001 003801
003 YMCAF
005 20230512160234.0
008 100717s9999 ||||||||||||||||| ||und|d
024 _a3801
035 _a3806
040 _aYMCAF
_beng
_cIN-KoLT
041 _aeng
100 _aKapoor
245 0 _aNodel qus paper
300 _a30
942 _2ddc
_cBK
999 _c3008
_d3008